[Event "Hannover-ch op"]
[Site "Hannover"]
[Date "2002.10.04"]
[Round "1"]
[White "Willeke, Lutz"]
[Black "Sinaki, Ahu"]
[Result "1-0"]
[WhiteElo "1752"]
[BlackElo "1388"]
[PlyCount "93"]
[EventDate "2002.10.04"]
[EventType "swiss"]
[EventRounds "7"]
[EventCountry "GER"]
[SourceTitle "EXT 2021"]
[Source "ChessBase"]
[SourceDate "2020.10.23"]
[SourceVersion "1"]
[SourceVersionDate "2020.10.23"]
[SourceQuality "1"]

1. d4 d5 2. c4 Nc6 3. e3 Bf5 4. a3 Na5 5. cxd5 Qxd5 6. Nc3 Qb3 7. Bb5+ c6 8. Ba4 Qxd1+ 9. Bxd1 e6 10. e4 Bg6 11. Nge2 Nc4 12. 0-0 Nd6 13. f3 f6 14. Bb3 e5 15. Be3 Ne7 16. dxe5 fxe5 17. Rad1 Nec8 18. Na4 Bf7 19. Bxf7+ Nxf7 20. Nc5 Bxc5 21. Bxc5 b6 22. Bf2 0-0 23. Rd2 Ne7 24. Rfd1 Rfd8 25. Bg3 Ng6 26. Nc1 Kf8 27. Nd3 Ke7 28. Nb4 Rac8 29. Kf1 c5 30. Nd5+ Ke8 31. Ke1 Rd7 32. Nf6+ gxf6 33. Rxd7 a5 34. Rb7 Rc6 35. Rdd7 Nd8 36. Ra7 Re6 37. Rxh7 Nc6 38. Rag7 Nce7 39. h4 Nf8 40. Rh6 Rc6 41. h5 Ne6 42. Rg4 Kf7 43. Rh7+ Kf8 44. Rh8+ Kf7 45. h6 Rc8 46. Rxc8 Nxc8 47. h7 1-0